000 01074nam a22002651u 4500
001 12666
003 HDC
007 cr bn ---
008 210209p2002 my eng
040 _aHDC
100 _aAbdullah Hassan,
_eauthor
_913460
245 0 _aRespiration rate, ethylene production and chlorophyll content of the fruit and crown of pineapple stored at low temperature /
_cby Abdullah Hassan, Rohaya Md. Atan, Latifah Mohd. Nor, Mohamed Selamat Madom and Steven J. Underhill
260 _aSerdang :
_bMalaysian Agricultural Research and Development Institute (MARDI),
_c2002
300 _a1 page
336 _atext
_2rdacontent
337 _acomputer
_2rdamedia
338 _aonline resource
_2rdacarrier
650 _aChlorophyll content
_913462
650 _aPineapple
_912675
650 _aRespiration rate
_913461
856 _zRequest full-text at [email protected]
942 _2lcc
942 _cAR
942 _kJART 003201
999 _c9989
_d9989